| 000 | 02032nam a2200505 i 4500 | ||
|---|---|---|---|
| 001 | DIGAKAL0690 | ||
| 003 | NyNyDIG | ||
| 007 | cr ||||||||||| | ||
| 008 | 220622s2021 sp a ob 000 0bspa d | ||
| 006 | m o d | ||
| 035 | _a(OCoLC)1283850429 | ||
| 040 |
_aDGITA _beng _erda _epn _cDGITA |
||
| 020 |
_a9788446050940 _qeBook |
||
| 020 | _z9788446050698 | ||
| 041 | 1 |
_aspa _hfre |
|
| 043 | _ae-fr--- | ||
| 050 | 1 | 4 | _aDC203 ebook |
| 082 | 1 | 4 | _a944.05092 |
| 100 | 1 |
_aManfred, A. Z. _q(Alʹbert Zakharovich), _d1906-1976, _eauthor. |
|
| 240 | 1 | 0 |
_aNapoleon Bonapart. _lSpanish _s(Bordoy) |
| 245 | 1 | 0 |
_aNapoleón Bonaparte / _cAlfred Manfred ; traducción del francés, Vicente Bordoy. |
| 264 | 1 |
_aTres Cantos, Madrid, España : _bAkal, _c[2021] |
|
| 300 |
_a1 online resource : _billustrations. |
||
| 336 |
_atext _btxt _2rdacontent |
||
| 337 |
_acomputer _bc _2rdamedia |
||
| 338 |
_aonline resource _bcr _2rdacarrier |
||
| 347 |
_atext file _2rdaft |
||
| 347 | _bEPUB | ||
| 490 | 1 |
_aAkal Biografías ; _v6 |
|
| 504 | _aIncludes bibliographical references. | ||
| 588 | 0 | _aOnline resource; title from ePub title page (Digitalia, viewed June 22, 2022) | |
| 600 | 0 | 0 |
_aNapoleon _bI, _cEmperor of the French, _d1769-1821. |
| 651 | 0 |
_aFrance _xHistory _yConsulate and First Empire, 1799-1815. |
|
| 651 | 0 |
_aFrance _xKings and rulers _vBiography. |
|
| 655 | 0 | _aElectronic books. | |
| 700 | 1 |
_aBordoy, Vicente, _etranslator. |
|
| 700 | 1 |
_iTranslation of: _aManfred, A. Z. _q(Alʹbert Zakharovich), _d1906-1976. _tNapoleon Bonapart. |
|
| 791 | 2 |
_aDigitalia (Firm), _edistributor. |
|
| 793 | 0 |
_gDigitalia eBook Collection: _aAkal |
|
| 776 | 0 | 8 |
_iPrint version: _aManfred, A. Z. (Alʹbert Zakharovich), 1906-1976. _sNapoleon Bonapart. Spanish (Bordoy). _tNapoleón Bonaparte. _dTres Cantos, Madrid, España : Akal, [2021] _z9788446050698 |
| 830 | 0 |
_aBiografías (Akal Editor) ; _v6. |
|
| 856 | 4 | 0 |
_3Digitalia Hispánica _uhttps://www.digitaliapublishing.com/a/83801/ |
| 910 | _aPremium collection: 2022 | ||
| 942 | _cRAA | ||
| 999 |
_c265965 _d265965 |
||